Les listes de Didier Deschamps - Statistiques

Statistiques générales
  • Ce quiz a été pris 582 fois
  • Le résultat moyen est 122 sur 143
Statistiques - réponses
Hint Réponse % Correct
Hugo Lloris Tottenham
100%
Antoine Griezmann Atlético Madrid | FC Barcelone | Réal Sociedad
97%
Attaquants Karim Benzema Réal Madrid
97%
Kylian Mbappé PSG
97%
Raphael Varane Manchester United | Réal Madrid
97%
Steve Mandanda OM | Stade Rennais
97%
Alphonse Areola PSG | West Ham
96%
Benjamin Pavard Bayern Munich | Stuttgart
96%
Lucas Hernandez Atlético Madrid | Bayern Munich
96%
Ngolo Kanté Chelsea | Leicester
96%
Olivier Giroud AC Milan | Arsenal | Chelsea
96%
Paul Pogba Juventus | Manchester United
96%
Theo Hernandez AC Milan
96%
Théo Hernandez Théo Hernandez
96%
Ousmane Dembelé FC Barcelone
95%
Ousmane Dembele FC Barcelone
95%
Adrien Rabiot Juventus
94%
Kingsley Coman Bayern Munich
94%
Milieux Aurélien Tchouameni Réal Madrid
91%
Aurelien Tchouameni AS Monaco
91%
Presnel Kimpembe PSG
91%
Blaise Matuidi PSG
90%
Eduardo Camavinga Réal Madrid
90%
Marcus Thuram Borussia Mönchengladbach
90%
Adil Rami FC Séville | OM
89%
Dayot Upamecano Bayern Munich
89%
Jules Koundé FC Barcelone | FC Séville
89%
Ibrahima Konaté Liverpool
88%
Mike Maignan Lille | Milan AC
88%
Samuel Umtiti FC Barcelone | OL
88%
André-Pierre Gignac Tigres
87%
Florian Thauvin OM
87%
Lucas Digne AS Roma | Everton | PSG
87%
Matteo Guendouzi OM
87%
William Saliba Arsenal
87%
Corentin Tolisso Bayern Munich
86%
Benjamin Mendy Manchester City
85%
Jordan Veretout AS Roma | OM
85%
Randal Kolo Muani Francfort
85%
Stéphane Ruffier Saint-Etienne
85%
Anthony Martial Manchester United
84%
Attaquants Dimitri Payet West Ham
83%
Wissam Ben Yedder AS Monaco
83%
Thomas Lemar AS Monaco | Atlético Madrid
82%
Attaquants Nabil Fekir OL
81%
Youssouf Fofana AS Monaco
80%
Steven Nzonzi FC Séville
79%
Benoit Costil Bordeaux | Stade Rennais
76%
Djibril Sidibé As Monaco
76%
Laurent Koscielny Arsenal
74%
Patrice Evra Juventus | Manchester United
74%
Clement Lenglet FC Barcelone
71%
Axel Disasi AS Monaco
70%
Moussa Sissoko Newcastle | Tottenham
70%
Milieux Yohan Cabaye Crystal Palace | PSG
69%
Bacary Sagna Arsenal | Manchester City
68%
Mamadou Sakho Liverpool
65%
Moussa Diaby Bayer Leverkusen
65%
Leo Dubois OL
61%
Léo Dubois OL
61%
Gardiens Mickael Landreau SC Bastia
58%
Morgan Schneiderlin Manchester United | Southampton
58%
Eliaquim Mangala FC Porto | Manchester City
53%
Mathieu Valbuena OM
52%
Défenseurs Christophe Jallet OL
51%
Défenseurs Mathieu Debuchy Newcastle
51%
Remy Cabella Montpellier
50%
Rio Mavuba Lille
46%
Kurt Zouma Chelsea
45%
Loic Remy Newcastle
33%
Aucun quiz correspondant
Distribution des résultats
% des personnes avec chaque résultat
Percentile par nombre de réponses
Votre historique - résultats
Vous n’avez pas pris ce quiz